| 000 | 00000nam 2200000zi 4500 |
| 001 | 9.922128 |
| 003 | CaOODSP |
| 005 | 20230818074318 |
| 006 | m o d f |
| 007 | cr cn||||||||| |
| 008 | 230501t19951995onc o f100 0 eng d |
| 020 | |z0666235371 |
| 040 | |aCaOODSP|beng|erda|cCaOODSP |
| 043 | |an-cn--- |
| 086 | 1 |aC2-276/1995E-PDF|zC2-276/1995E |
| 245 | 00|aSymposium on the information infrastructure : |bbuilding the foundation for the 21st century, 20 - 21 February 1995, Vancouver, Canada / |cedited by Amy Mahan and Catherine Murray. |
| 264 | 1|a[Ottawa] : |bIndustry Canada = Industrie Canada, |c[1995] |
| 264 | 4|c©1995 |
| 300 | |a1 online resource (xv, 118 pages) |
| 336 | |atext|btxt|2rdacontent |
| 337 | |acomputer|bc|2rdamedia |
| 338 | |aonline resource|bcr|2rdacarrier |
| 500 | |aDigitized edition from print [produced by Innovation, Science and Economic Development Canada]. |
| 650 | 0|aInformation theory|xEconomic aspects|vCongresses. |
| 650 | 0|aInformation networks|vCongresses. |
| 650 | 0|aInformation networks|xMoral and ethical aspects|vCongresses. |
| 650 | 6|aThéorie de l'information|xAspect économique|vCongrès. |
| 650 | 6|aRéseaux d'information|vCongrès. |
| 650 | 6|aRéseaux d'information|xAspect moral|vCongrès. |
| 655 | 7|aConference papers and proceedings|2lcgft |
| 655 | 7|aActes de congrès|2rvmgf |
| 700 | 1 |aMahan, Amy, |eeditor. |
| 710 | 1 |aCanada. |bIndustry Canada, |eissuing body. |
| 856 | 40|qPDF|s3.70 MB|uhttps://publications.gc.ca/collections/collection_2023/isde-ised/c2/C2-276-1995-eng.pdf |